Bob Dylan / David Castillo
Descripción Física:
153 p. : il. ; 21 cm
Colección:
Col·lecció Pere Vergés de biografies ; 41
Otros Autores:
Fundació Pere Vergés
Materias:
Dylan, Bob
MARC
| LEADER | 00000nam a2200000Ia 4500 | ||
|---|---|---|---|
| 001 | 12479 | ||
| 008 | 160829s1992 xx 000 0 cat d | ||
| 080 | |a B-1-214 | ||
| 100 | |a Castillo, David |9 35914 | ||
| 245 | |a Bob Dylan / David Castillo | ||
| 260 | |a Barcelona : |b Edicions 62 : |b Caixa de Catalunya, |c 1992 | ||
| 300 | |a 153 p. : |b il. ; |c 21 cm | ||
| 490 | |a Col·lecció Pere Vergés de biografies ; 41 | ||
| 590 | |a Col·labora en l'edició: Fundació Pere Vergés | ||
| 650 | |a Dylan, Bob |9 35915 | ||
| 700 | |a Fundació Pere Vergés |9 21045 | ||
| 710 | 2 | |a Caixa de Catalunya |9 53090 | |
| 901 | |a Arxiu | ||
| 942 | |n 1 | ||
| 952 | |0 0 |1 0 |4 0 |6 B1214 |7 1 |9 47119 |a Arxiu |b Arxiu |d 2016-12-01 |l 0 |o B-1-214 |p 12479 |r 2016-12-01 00:00:00 |w 2016-12-01 |y ARXIU | ||
| 999 | |c 50914 |d 50914 | ||